| 000 | 00415nam a2200169Ia 4500 | ||
|---|---|---|---|
| 003 | STCL | ||
| 008 | 181203s9999 xx 000 0 und d | ||
| 020 | _a9781439867006 | ||
| 040 |
_aSTCL _bEN _cSTCL |
||
| 082 | _222 | ||
| 100 | _aHayes, R. E.; Mmbaga, J.P. | ||
| 245 | 0 | _aIntroduction to Chemical Reactor Analysis | |
| 260 |
_bCRC Press _aLondon _c2013 |
||
| 300 | _a532 | ||
| 546 | _aEnglish | ||
| 942 |
_2ddc _cBK |
||
| 999 |
_c82935 _d82935 |
||